The wings of eagles /

Commander Frank 'Spig' Wead was a pioneer aviator, renowned screenwriter, and a man of war. The skies beckoned Spig to action; a crippling injury ultimately left him powerless to act, propelling him to discover the power of his pen. He was talented, driven, flawed, and a friend of John For...

Full description

Bibliographic Details
Corporate Authors: Warner Home Video (Firm), Metro-Goldwyn-Mayer
Other Authors: Ford, John, 1894-1973, Schnee, Charles, 1916-1962, Fenton, Frank E., 1903-1971, Haines, William Wister, 1908-1989, Wayne, John, 1907-1979, Dailey, Dan, 1914-1978, O'Hara, Maureen, 1920-2015, Wead, Frank W. (Frank Wilber), 1895-1947
Format: Video DVD
Language:English
Language Notes:Soundtrack in English with optional subtitles in English, French or Spanish ; Closed-captioned.
Published: Burbank, CA : Warner Bros., [2007]
Edition:Widescreen version.
Series:John Wayne collection.
Subjects:

MARC

Tag First Indicator Second Indicator Subfields
LEADER 00000cgm a2200000Ia 4500
001 in00002247607
005 20171125063952.0
007 vd cvaizq
008 070531p20071957cau110 g vleng d
020 |a 1419853848 
020 |a 9781419853845 
024 1 |a 012569798632 
028 4 3 |a 79863  |b Warner Bros. 
035 |a (OCoLC)ocn145339779 
035 |a (OCoLC)145339779 
040 |a ZPJ  |c ZPJ  |d TXA  |d UtOrBLW 
041 1 |a eng  |j fre  |j spa  |h eng 
043 |a n-us--- 
049 |a TXAM 
090 |a PN1995.9.B55  |b W54 2007 
245 0 4 |a The wings of eagles /  |c M-G-M presents in Metrocolor a Metro-Goldwyn-Mayer Picture ; produced by Charles Schnee ; screenplay by Frank Fenton and William Wister Haines ; directed by John Ford. 
250 |a Widescreen version. 
264 1 |a Burbank, CA :  |b Warner Bros.,  |c [2007] 
300 |a 1 videodisc (110 min.) :  |b sound, color ;  |c 4 3/4 in. 
336 |a two-dimensional moving image  |b tdi  |2 rdacontent 
337 |a video  |b v  |2 rdamedia 
338 |a videodisc  |b vd  |2 rdacarrier 
490 1 |a The John Wayne collection 
538 |a DVD, region 1; Dolby Digital mono, dual-layer. 
546 |a Soundtrack in English with optional subtitles in English, French or Spanish ; Closed-captioned. 
511 1 |a John Wayne, Dan Dailey, Maureen O'Hara, Ward Bond. 
508 |a Director of photography, Paul C. Vogel ; music, Jeff Alexander ; editor, Gene Ruggiero. 
500 |a Based on the life and writings of Commander Frank W. "Spig" Wead. 
500 |a Originally released as a motion picture in 1957. 
521 8 |a Not rated. 
520 |a Commander Frank 'Spig' Wead was a pioneer aviator, renowned screenwriter, and a man of war. The skies beckoned Spig to action; a crippling injury ultimately left him powerless to act, propelling him to discover the power of his pen. He was talented, driven, flawed, and a friend of John Ford. 
500 |a Includes theatrical trailer. 
500 |a Videorecording. 
600 1 0 |a Wead, Frank W.  |q (Frank Wilber),  |d 1895-1947  |v Drama. 
650 0 |a Air pilots  |z United States  |v Biography  |v Drama. 
650 0 |a Screenwriters  |z United States  |v Biography  |v Drama. 
655 7 |a Feature films.  |2 lcgft 
655 7 |a Biographical films.  |2 lcgft 
655 7 |a Historical films.  |2 lcgft 
655 7 |a Video recordings for the hearing impaired.  |2 lcgft 
700 1 |a Ford, John,  |d 1894-1973. 
700 1 |a Schnee, Charles,  |d 1916-1962. 
700 1 |a Fenton, Frank E.,  |d 1903-1971. 
700 1 |a Haines, William Wister,  |d 1908-1989. 
700 1 |a Wayne, John,  |d 1907-1979. 
700 1 |a Dailey, Dan,  |d 1914-1978. 
700 1 |a O'Hara, Maureen,  |d 1920-2015. 
700 1 |a Wead, Frank W.  |q (Frank Wilber),  |d 1895-1947. 
710 2 |a Warner Home Video (Firm) 
710 2 |a Metro-Goldwyn-Mayer. 
830 0 |a John Wayne collection. 
994 |a C0  |b TXA 
948 |a cataloged  |b h  |c 2007/7/20  |d c  |e jho  |f 10:57:58 am 
949 |a enhanced/upgraded  |b h  |c 2007/7/20  |d c  |e jho  |f 10:58:02 am 
999 |a MARS 
999 f f |s fae0594f-ebdc-345b-bd55-b311dbac23f0  |i f7e89fef-fa5f-3efc-8ec7-f755ea9fc0cc  |t 0 
952 f f |p dvd  |a Texas A&M University  |b College Station  |c Sterling C. Evans Library  |d Evans: Media and Reserves (Annex 1st floor)  |t 0  |e PN1995.9.B55 W54 2007  |h Library of Congress classification  |i video -- videodisc  |m A14836054115 
998 f f |a PN1995.9.B55 W54 2007  |t 0  |l Evans: Media and Reserves (Annex 1st floor)